[Event "Tournament 14473 - Europe Echecs"]
[Site "Europe Echecs"]
[Date "2020.07.11"]
[Round "1"]
[Time "14:00:03"]
[PlyCount "54"]
[White "TravadonLoic"]
[Black "DincovMatei"]
[WhiteElo "2431"]
[BlackElo "1714"]
[Mode "WEB"]
[Result "1-0"]

1. c4 e5 2. Nc3 Nf6 3. Nf3 Nc6 4. a3 a5 5. e3 d5 6. cxd5 Nxd5 7. Bb5 Nxc3 8.
bxc3 Bd7 9. e4 Bd6 10. O-O O-O 11. Rb1 Qe7 12. a4 Bg4 13. h3 Bh5 14. g4 Bg6 15.
Bxc6 bxc6 16. d3 Rfd8 17. Qc2 Bc5 18. Kg2 Rd7 19. Be3 Rad8 20. Rfd1 h5 21. Bxc5
Qxc5 22. Ne1 hxg4 23. hxg4 f6 24. Kg3 Bf7 25. Ng2 Be6 26. Ne3 Rd6 27. Rd2 {DincovMatei a perdu au temps} 1-0

[Event "Tournament 14473 - Europe Echecs"]
[Site "Europe Echecs"]
[Date "2020.07.11"]
[Round "1"]
[Time "14:00:03"]
[PlyCount "57"]
[White "BuffinJean"]
[Black "Razafindratsim"]
[WhiteElo "1711"]
[BlackElo "2336"]
[Mode "WEB"]
[Result "0-1"]

1. d4 d5 2. c4 dxc4 3. Nf3 Nf6 4. Nc3 a6 5. a4 e6 6. e4 Bb4 7. Qc2 O-O 8. Bxc4
c5 9. Be3 cxd4 10. Nxd4 Qc7 11. Bd3 e5 12. Nf3 Bg4 13. Nd2 Nc6 14. f3 Be6 15.
O-O Nd4 16. Bxd4 exd4 17. e5 dxc3 18. exf6 Qc5+ 19. Kh1 cxd2 20. fxg7 Kxg7 21.
Bxh7 Qxc2 22. Bxc2 Rac8 23. Be4 Bb3 24. Bxb7 Rc7 25. Bxa6 d1=Q 26. Raxd1 Bxd1
27. Rxd1 Rd8 28. Rxd8 Rc1+ {BuffinJean a abandonné} 0-1

[Event "Tournament 14473 - Europe Echecs"]
[Site "Europe Echecs"]
[Date "2020.07.11"]
[Round "1"]
[Time "14:00:03"]
[PlyCount "97"]
[White "DroinAugustin"]
[Black "SerrierMathis"]
[WhiteElo "2313"]
[BlackElo "1711"]
[Mode "WEB"]
[Result "1/2-1/2"]

1. e4 e5 2. Nf3 Nc6 3. Bb5 Nf6 4. O-O Bc5 5. d3 d6 6. c3 O-O 7. Bg5 Bg4 8. Bxc6
bxc6 9. d4 Bxf3 10. gxf3 exd4 11. cxd4 Bb6 12. Nc3 h6 13. Be3 Kh7 14. f4 Re8 15.
Qf3 Qe7 16. e5 dxe5 17. fxe5 Nd5 18. Nxd5 cxd5 19. Qxd5 Rad8 20. Qe4+ g6 21. Qf4
g5 22. Qf5+ Kg7 23. Rad1 Qe6 24. Qxe6 Rxe6 25. Rfe1 Rd5 26. h4 gxh4 27. f4 Rg6+
28. Kh2 Rg3 29. Rg1 Rb5 30. b3 Ra5 31. a4 Rxg1 32. Rxg1+ Kf8 33. Rg4 Rd5 34. f5
c5 35. Bxh6+ Ke7 36. Bg5+ Kd7 37. dxc5 Rxc5 38. Bf6 Rc2+ 39. Kh3 Rf2 40. Rg7
Rxf5 41. Rxf7+ Ke6 42. Re7+ Kd5 43. Kxh4 Rf3 44. Rd7+ Ke6 45. Rd6+ Kf5 46. Kh5
Rh3+ 47. Bh4 Kxe5 48. Rd2 Rxb3 {Nulle par accord mutuel} 1/2-1/2

[Event "Tournament 14473 - Europe Echecs"]
[Site "Europe Echecs"]
[Date "2020.07.11"]
[Round "1"]
[Time "14:00:03"]
[PlyCount "83"]
[White "RubsamenAnais"]
[Black "DalaudDorian"]
[WhiteElo "1692"]
[BlackElo "2242"]
[Mode "WEB"]
[Result "0-1"]

1. Nf3 Nf6 2. g3 g6 3. Bg2 Bg7 4. O-O O-O 5. d4 d6 6. c3 c6 7. Bg5 Ne4 8. Nbd2
Nxg5 9. Nxg5 e5 10. Ngf3 exd4 11. Nxd4 d5 12. e4 dxe4 13. Nxe4 Qc7 14. Qf3 Nd7
15. Rfe1 Qb6 16. b3 Nc5 17. Nf6+ Kh8 18. Re7 Qd8 19. Rae1 Be6 20. Nxe6 Nxe6 21.
Rxb7 Qxf6 22. Qxc6 Rac8 23. Qd5 Rxc3 24. Rxa7 Rc2 25. Rf1 Qd4 26. Qb7 Nc5 27.
Qc7 Rb2 28. Ra8 Rxa8 29. Bxa8 h5 30. Qb8+ Kh7 31. Bg2 Rxa2 32. Qc7 Kg8 33. Qc8+
Bf8 34. h4 Nd3 35. Qb8 Nxf2 36. Kh2 Ng4+ 37. Kh1 Rxg2 38. Kxg2 Qd2+ 39. Kf3 Qe3+
40. Kg2 Qe2+ 41. Kg1 Qh2# {RubsamenAnais est échec et mat} 0-1

[Event "Tournament 14473 - Europe Echecs"]
[Site "Europe Echecs"]
[Date "2020.07.11"]
[Round "1"]
[Time "14:00:03"]
[PlyCount "96"]
[White "HingouetMatthi"]
[Black "ShvedJakov"]
[WhiteElo "2228"]
[BlackElo "1667"]
[Mode "WEB"]
[Result "1-0"]

1. d4 d5 2. c4 e5 3. dxe5 d4 4. Nf3 Nc6 5. Nbd2 Bg4 6. g3 Bb4 7. Bg2 Bxf3 8.
Bxf3 Bxd2+ 9. Bxd2 Nxe5 10. Bxb7 Rb8 11. Bg2 Rxb2 12. Bf4 d3 13. Bxe5 Rxe2+ 14.
Kf1 Rxe5 15. Bc6+ Kf8 16. Kg2 g6 17. a4 Kg7 18. Bf3 Nf6 19. Ra3 Qd4 20. Qxd3
Qxd3 21. Rxd3 Rb8 22. Bd5 Rb4 23. Ra1 Nxd5 24. cxd5 Kf6 25. Rc1 Re7 26. Rc6+ Ke5
27. Ra6 Kf5 28. h4 Rb2 29. Rf3+ Kg4 30. Rf4+ Kh5 31. Rxa7 Ree2 32. Rxf7 g5 33.
hxg5 Kg4 34. Raxc7 Rb3 35. Rc4+ Kxg5 36. Rxh7 Kg6 37. Rhh4 Rd3 38. Rcd4 Ra3 39.
d6 Re8 40. d7 Rd8 41. Rhe4 Kf7 42. Re5 Ra2 43. g4 Ra3 44. g5 Ra2 45. g6+ Kf8 46.
g7+ Kf7 47. Rg5 Kg8 48. Rh4 {ShvedJakov a perdu au temps} 1-0

[Event "Tournament 14473 - Europe Echecs"]
[Site "Europe Echecs"]
[Date "2020.07.11"]
[Round "1"]
[Time "14:00:03"]
[PlyCount "79"]
[White "DecurningeBric"]
[Black "MathieuPhileas"]
[WhiteElo "1582"]
[BlackElo "2214"]
[Mode "WEB"]
[Result "0-1"]

1. e4 c5 2. Nc3 Nc6 3. g3 g6 4. Bg2 Bg7 5. d3 d6 6. f4 e6 7. Nf3 Nge7 8. O-O O-O
9. Be3 b6 10. Qd2 Bb7 11. g4 d5 12. exd5 Nxd5 13. Nxd5 Qxd5 14. Ne5 Qd6 15. Nxc6
Bxc6 16. Rab1 Bxg2 17. Qxg2 Rad8 18. f5 exf5 19. gxf5 Rfe8 20. Bg5 Rd7 21. f6
Bf8 22. Rf3 Qd4+ 23. Kh1 Rd6 24. Rf4 Qe5 25. Re4 Rde6 26. Rxe5 Rxe5 27. Bh4 Re2
28. Qh3 R8e6 29. Qf3 Rxc2 30. Re1 Rxe1+ 31. Bxe1 Rc1 32. Qe2 h6 33. Kg2 b5 34.
Qe8 Rc2+ 35. Kf3 c4 36. dxc4 Rxc4 37. Bg3 Rd4 38. Ke3 Rd1 39. Bf4 Re1+ {DecurningeBric a perdu au temps} 0-1

[Event "Tournament 14473 - Europe Echecs"]
[Site "Europe Echecs"]
[Date "2020.07.11"]
[Round "1"]
[Time "14:00:03"]
[PlyCount "82"]
[White "SayaEthan"]
[Black "RobineGuillaum"]
[WhiteElo "2199"]
[BlackElo "1571"]
[Mode "WEB"]
[Result "1-0"]

1. e4 d5 2. exd5 Nf6 3. d4 Bg4 4. Be2 Bxe2 5. Qxe2 Qxd5 6. Nf3 Nc6 7. c4 Qf5 8.
Be3 e6 9. Nc3 O-O-O 10. O-O h6 11. Rad1 g5 12. Qd3 Qxd3 13. Rxd3 e5 14. d5 e4
15. Rdd1 exf3 16. dxc6 Rxd1 17. cxb7+ Kxb7 18. Rxd1 fxg2 19. Rd8 Bg7 20. Rxh8
Bxh8 21. Bd4 c6 22. Kxg2 h5 23. b4 Bg7 24. Kf3 g4+ 25. Ke3 h4 26. Ne4 Nxe4 27.
Bxg7 Nd6 28. Kd3 f5 29. Bf6 h3 30. Bh4 a5 31. a3 a4 32. Kd4 f4 33. Ke5 Nxc4+ 34.
Kxf4 Nxa3 35. Kxg4 Nc2 36. f4 a3 37. Bf6 a2 38. f5 a1=Q 39. Bxa1 Nxa1 40. f6 Nb3
41. f7 {RobineGuillaum a perdu au temps} 1-0

[Event "Tournament 14473 - Europe Echecs"]
[Site "Europe Echecs"]
[Date "2020.07.11"]
[Round "1"]
[Time "14:00:03"]
[PlyCount "57"]
[White "ParalieuMaxime"]
[Black "JolyJulien"]
[WhiteElo "1569"]
[BlackElo "2188"]
[Mode "WEB"]
[Result "0-1"]

1. d4 Nf6 2. c4 g6 3. Nc3 Bg7 4. e4 d6 5. Bd3 O-O 6. Nge2 c5 7. d5 a6 8. O-O e5
9. f3 Nh5 10. Be3 f5 11. exf5 gxf5 12. a3 Kh8 13. b4 b6 14. Rb1 Nd7 15. Na4 Qf6
16. bxc5 bxc5 17. Nb6 Nxb6 18. Rxb6 Qe7 19. Qa4 Bd7 20. Qa5 e4 21. Bc2 exf3 22.
Rxf3 f4 23. Nxf4 Nxf4 24. Bxf4 Rxf4 25. Qd2 Rxf3 26. gxf3 Bd4+ 27. Kh1 Rg8 28.
Rb7 Rg1# {ParalieuMaxime est échec et mat} 0-1

[Event "Tournament 14473 - Europe Echecs"]
[Site "Europe Echecs"]
[Date "2020.07.11"]
[Round "1"]
[Time "14:00:03"]
[PlyCount "82"]
[White "WeismanNathan"]
[Black "BenamarRayan"]
[WhiteElo "2186"]
[BlackElo "1558"]
[Mode "WEB"]
[Result "1-0"]

1. e4 e5 2. Nf3 Nc6 3. d4 exd4 4. Nxd4 Nf6 5. Nc3 Bb4 6. Nxc6 Bxc3+ 7. bxc3 bxc6
8. Bd3 d6 9. O-O O-O 10. c4 c5 11. Bb2 Re8 12. Re1 Ng4 13. Qf3 Qh4 14. Qg3 Qxg3
15. hxg3 Ba6 16. f4 Bb7 17. Rab1 Rab8 18. Bc3 a6 19. Ba5 Rec8 20. e5 dxe5 21.
Bf5 Nh6 22. Bxc8 Rxc8 23. Rxb7 exf4 24. Rxc7 Rf8 25. gxf4 Nf5 26. Rxc5 Nd4 27.
Rce5 Nxc2 28. Rd1 Na3 29. c5 Nc4 30. c6 Nxe5 31. fxe5 f6 32. e6 Rc8 33. c7 Kf8
34. Rd8+ Ke7 35. Rxc8 Kxe6 36. Re8+ Kf5 37. c8=Q+ Kg6 38. Re7 h5 39. g4 hxg4 40.
Qxg4+ Kh7 41. Qxg7# {BenamarRayan est échec et mat} 1-0

[Event "Tournament 14473 - Europe Echecs"]
[Site "Europe Echecs"]
[Date "2020.07.11"]
[Round "1"]
[Time "14:00:03"]
[PlyCount "67"]
[White "FondratJohan"]
[Black "FardetElouan"]
[WhiteElo "1509"]
[BlackElo "2163"]
[Mode "WEB"]
[Result "0-1"]

1. e4 c5 2. c3 Nf6 3. e5 Nd5 4. Nf3 e6 5. d4 cxd4 6. cxd4 d6 7. exd6 Bxd6 8. Nc3
O-O 9. Nxd5 exd5 10. Bd3 Nc6 11. O-O Bg4 12. h3 Bh5 13. Be3 Qf6 14. Be2 h6 15.
Rc1 Rfe8 16. Re1 Rac8 17. Nh2 Bxe2 18. Rxe2 Bb8 19. Nf3 Re4 20. Nd2 Qd6 21. Nf1
Rce8 22. Rd2 f5 23. g3 Qg6 24. Qf3 f4 25. Kh2 fxe3 26. Nxe3 Nxd4 27. Qg2 Nf5 28.
Nxd5 Nh4 29. Qh1 Bxg3+ 30. fxg3 Re2+ 31. Rxe2 Rxe2+ 32. Kg1 Qxg3+ 33. Kf1 Qf2# {FondratJohan est échec et mat} 0-1

[Event "Tournament 14473 - Europe Echecs"]
[Site "Europe Echecs"]
[Date "2020.07.11"]
[Round "1"]
[Time "14:00:03"]
[PlyCount "114"]
[White "KuhnClement"]
[Black "KrzymanskiLeo"]
[WhiteElo "2150"]
[BlackElo "1506"]
[Mode "WEB"]
[Result "1-0"]

1. e4 c5 2. Nf3 Nc6 3. Bb5 Qb6 4. Nc3 e6 5. O-O a6 6. Bxc6 Qxc6 7. d4 cxd4 8.
Nxd4 Qc7 9. Be3 Nf6 10. f3 Be7 11. Qd2 O-O 12. a4 Rd8 13. Qe2 d5 14. exd5 Nxd5
15. Nxd5 Rxd5 16. c4 Rd8 17. Rfd1 Bd7 18. a5 Rac8 19. Nb3 Qxc4 20. Qxc4 Rxc4 21.
Bb6 Rdc8 22. Rxd7 Bf6 23. Rad1 Rb4 24. R7d3 h6 25. R1d2 Bg5 26. Be3 Bf6 27. Kf2
e5 28. Nc5 Rb5 29. Ne4 Be7 30. Rd7 Bb4 31. Rd8+ Rxd8 32. Rxd8+ Kh7 33. Nd6 Bxd6
34. Rxd6 Rxb2+ 35. Rd2 Rb5 36. Bb6 Kg6 37. Rd7 Rb2+ 38. Kg3 h5 39. Rxb7 Kg5 40.
Rxf7 g6 41. Rb7 Re2 42. Bd8+ Kh6 43. Rb6 Rd2 44. Bf6 e4 45. fxe4 Rd3+ 46. Kf2
Rd2+ 47. Kf3 Rd3+ 48. Ke2 Ra3 49. e5 Ra2+ 50. Kd3 Rxg2 51. e6 Rxh2 52. e7 Rh3+
53. Kd4 Rh1 54. e8=Q Rd1+ 55. Kc3 Rc1+ 56. Kd2 Rc7 57. Qf8+ {KrzymanskiLeo a perdu au temps} 1-0

[Event "Tournament 14473 - Europe Echecs"]
[Site "Europe Echecs"]
[Date "2020.07.11"]
[Round "1"]
[Time "14:00:03"]
[PlyCount "47"]
[White "MartignoniMarg"]
[Black "RobertMathias"]
[WhiteElo "1500"]
[BlackElo "2140"]
[Mode "WEB"]
[Result "0-1"]

1. e4 c5 2. Nc3 Nc6 3. Bc4 e6 4. f4 Nge7 5. d3 d5 6. exd5 exd5 7. Bb5 a6 8.
Bxc6+ Nxc6 9. Nf3 Be7 10. O-O O-O 11. Qe1 Bf6 12. h3 Re8 13. Qg3 Nd4 14. Nxd4
Bxd4+ 15. Kh1 b5 16. a3 Bb7 17. f5 f6 18. Bh6 Qd7 19. Rab1 Re5 20. h4 Rae8 21.
h5 Kh8 22. Bf4 Rxf5 23. h6 Rh5+ {MartignoniMarg a perdu au temps} 0-1

[Event "Tournament 14473 - Europe Echecs"]
[Site "Europe Echecs"]
[Date "2020.07.11"]
[Round "1"]
[Time "14:00:03"]
[PlyCount "56"]
[White "FereyAntonin"]
[Black "ParisRomain"]
[WhiteElo "2138"]
[BlackElo "1486"]
[Mode "WEB"]
[Result "1-0"]

1. d4 d5 2. c4 c6 3. Nf3 Nf6 4. Nc3 e6 5. e3 Be7 6. a4 a5 7. Be2 O-O 8. O-O b6
9. Ne5 Bb7 10. Qc2 Nbd7 11. b3 Rc8 12. Nxd7 Qxd7 13. cxd5 Nxd5 14. Nxd5 cxd5 15.
Qa2 Rc7 16. Ba3 Bxa3 17. Qxa3 Rfc8 18. Rac1 Bc6 19. Rc2 b5 20. Rfc1 bxa4 21.
bxa4 Bb7 22. Bb5 Bc6 23. Qc5 Bxb5 24. Qxc7 Rxc7 25. Rxc7 Qe8 26. axb5 Kf8 27.
Rc8 Ke7 28. Rxe8+ {ParisRomain a abandonné} 1-0

[Event "Tournament 14473 - Europe Echecs"]
[Site "Europe Echecs"]
[Date "2020.07.11"]
[Round "1"]
[Time "14:00:03"]
[PlyCount "93"]
[White "GroussetNathan"]
[Black "AntaoAmory"]
[WhiteElo "1476"]
[BlackElo "2099"]
[Mode "WEB"]
[Result "0-1"]

1. e4 Nc6 2. Nf3 e5 3. d4 exd4 4. Bc4 Nf6 5. O-O Be7 6. e5 Ng4 7. Re1 Na5 8. Bb3
Nxb3 9. axb3 d6 10. Qxd4 dxe5 11. Qxd8+ Bxd8 12. h3 Nf6 13. Rxe5+ Kf8 14. Bg5
Be6 15. Nc3 Nd7 16. Rea5 f6 17. Bf4 a6 18. Nd4 Bf7 19. b4 c5 20. bxc5 Bxa5 21.
Rxa5 Ne5 22. Bxe5 fxe5 23. Nf3 Re8 24. c6 bxc6 25. Nxe5 Bd5 26. Nd3 Bc4 27. Ne5
Bb5 28. Nxb5 Rxe5 29. Rxa6 cxb5 30. Ra8+ Re8 31. Ra5 Rb8 32. Ra3 Ke7 33. Re3+
Kd6 34. c3 Rhe8 35. Rd3+ Kc6 36. b4 Re2 37. Rf3 Rb7 38. g3 Rd7 39. Kg2 Rc2 40.
Re3 Rc7 41. Re6+ Kd5 42. Rb6 Kc4 43. Re6 Rf7 44. Re5 Rcxf2+ 45. Kg1 Rf1+ 46. Kg2
R7f2# {GroussetNathan est échec et mat} 0-1

[Event "Tournament 14473 - Europe Echecs"]
[Site "Europe Echecs"]
[Date "2020.07.11"]
[Round "1"]
[Time "14:00:03"]
[PlyCount "60"]
[White "DavidBogdanEma"]
[Black "LemaireVivien"]
[WhiteElo "2092"]
[BlackElo "1471"]
[Mode "WEB"]
[Result "1-0"]

1. e4 c5 2. Nc3 Nc6 3. Bb5 d6 4. Bxc6+ bxc6 5. f4 g6 6. Nf3 Bg7 7. d3 Bg4 8. O-O
Bd4+ 9. Kh1 Nf6 10. Qe1 Bxf3 11. Rxf3 O-O 12. Rb1 e5 13. Ne2 exf4 14. Bxf4 d5
15. Nxd4 cxd4 16. Bg5 Kg7 17. Bxf6+ Qxf6 18. Rxf6 Kxf6 19. exd5 c5 20. Qh4+ Kg7
21. Rf1 f6 22. Qf4 Rad8 23. Qc7+ Kg8 24. d6 Rc8 25. Qxa7 Rf7 26. Qa6 Rd8 27. Qb6
Re8 28. Qxc5 f5 29. Qd5 Kf8 30. g4 {LemaireVivien a abandonné} 1-0

[Event "Tournament 14473 - Europe Echecs"]
[Site "Europe Echecs"]
[Date "2020.07.11"]
[Round "1"]
[Time "14:00:03"]
[PlyCount "51"]
[White "WittenbergSere"]
[Black "RachidAlexandr"]
[WhiteElo "1447"]
[BlackElo "2079"]
[Mode "WEB"]
[Result "0-1"]

1. e4 c5 2. Nf3 d6 3. Bb5+ Nd7 4. c4 Ngf6 5. Nc3 g6 6. O-O Bg7 7. d4 cxd4 8.
Nxd4 O-O 9. Bxd7 Bxd7 10. Re1 Qb6 11. b3 Ng4 12. Be3 Nxe3 13. fxe3 e6 14. Rc1
Rac8 15. Ndb5 Bxb5 16. Nxb5 Rfd8 17. Rc2 d5 18. exd5 exd5 19. Nc3 dxc4 20. Qf3
cxb3 21. axb3 Rxc3 22. Rf2 Rc7 23. Ref1 Qxb3 24. Qe4 Qe6 25. Qh4 Rdc8 {WittenbergSere a perdu au temps} 0-1

[Event "Tournament 14473 - Europe Echecs"]
[Site "Europe Echecs"]
[Date "2020.07.11"]
[Round "1"]
[Time "14:00:03"]
[PlyCount "48"]
[White "RobertYoann"]
[Black "BruguierFloria"]
[WhiteElo "2071"]
[BlackElo "1422"]
[Mode "WEB"]
[Result "1-0"]

1. b3 e5 2. Bb2 Nc6 3. e3 Bc5 4. Nf3 d6 5. Be2 f5 6. d4 exd4 7. exd4 Bb6 8. d5
Nce7 9. Bxg7 Nf6 10. Bxh8 Nfxd5 11. O-O c6 12. c4 Nf4 13. g3 Nfg6 14. Bf6 f4 15.
Bd3 fxg3 16. hxg3 Qc7 17. Re1 d5 18. Bxg6+ hxg6 19. Rxe7+ Qxe7 20. Bxe7 Kxe7 21.
Qe2+ Kd8 22. cxd5 cxd5 23. Nc3 Bf5 24. Nxd5 {BruguierFloria a abandonné} 1-0

[Event "Tournament 14473 - Europe Echecs"]
[Site "Europe Echecs"]
[Date "2020.07.11"]
[Round "1"]
[Time "14:00:03"]
[PlyCount "72"]
[White "DelinValere"]
[Black "EricAndrianaFi"]
[WhiteElo "2043"]
[BlackElo "1401"]
[Mode "WEB"]
[Result "1-0"]

1. e4 c6 2. d4 d5 3. exd5 cxd5 4. Bd3 Nf6 5. h3 g6 6. Nf3 Nc6 7. c3 Bf5 8. Bxf5
gxf5 9. Bg5 Bg7 10. O-O Qc7 11. b4 e6 12. a4 h6 13. Bh4 Ne4 14. Nfd2 Bf6 15.
Nxe4 Bxh4 16. Qh5 Be7 17. Nc5 Bxc5 18. bxc5 O-O-O 19. Nd2 Rdg8 20. a5 Nxa5 21.
Qe2 Nc4 22. Nxc4 dxc4 23. Rxa7 Qc6 24. f3 Rg3 25. Ra8+ Kd7 26. Rxh8 Qd6 27. Rb1
Qc7 28. Qe5 Qxe5 29. dxe5 Kc6 30. Rc8+ Kd7 31. Rf8 Ke7 32. Rb8 Kd7 33. R1xb7+
Kc6 34. Rxf7 Kxc5 35. Rc7+ Kd5 36. Rb5# {EricAndrianaFi est échec et mat} 1-0

[Event "Tournament 14473 - Europe Echecs"]
[Site "Europe Echecs"]
[Date "2020.07.11"]
[Round "1"]
[Time "14:00:03"]
[PlyCount "111"]
[White "BeaudEmma"]
[Black "TomasiElise"]
[WhiteElo "1396"]
[BlackElo "2030"]
[Mode "WEB"]
[Result "0-1"]

1. d4 d5 2. c4 e6 3. e3 Nf6 4. Nc3 Be7 5. Nf3 b6 6. Bd2 Bb7 7. Be2 O-O 8. O-O c5
9. cxd5 Nxd5 10. dxc5 Bxc5 11. Nxd5 Bxd5 12. Bc3 Qe7 13. Qc2 Qb7 14. Ng5 f5 15.
Nf3 Nd7 16. Rfd1 Rac8 17. Qc1 Nf6 18. a3 a5 19. Qd2 Ne4 20. Qe1 Bb3 21. Rdc1
Rfd8 22. Bd4 Qd5 23. Bd3 a4 24. Bc2 Bxd4 25. Nxd4 Bxc2 26. Rxc2 Rxc2 27. Nxc2
Qb3 28. Nd4 Qxb2 29. Nxe6 Rd2 30. Rb1 Qc2 31. Rc1 Qb2 32. Rb1 Qxa3 33. Rxb6 Rxf2
34. h3 Qa2 35. Nf4 h6 36. h4 a3 37. Rb1 Qc2 38. Qc1 Qxc1+ 39. Rxc1 a2 40. Ra1
Rb2 41. Kh2 Nc3 42. Nd3 Rb1 43. Rxa2 Nxa2 44. Kg3 Rb3 45. Nf4 Rxe3+ 46. Kf2 Re4
47. Kf3 Nb4 48. g4 Rc4 49. gxf5 Nc6 50. Ne6 Ne7 51. Nf4 Nxf5 52. Kg4 Nxh4 53.
Kg3 g5 54. Nh5 Nf5+ 55. Kf3 Kf7 {BeaudEmma a perdu au temps} 0-1

[Event "Tournament 14473 - Europe Echecs"]
[Site "Europe Echecs"]
[Date "2020.07.11"]
[Round "1"]
[Time "14:00:03"]
[PlyCount "40"]
[White "CavaillesEvan"]
[Black "SwietlikCharle"]
[WhiteElo "2018"]
[BlackElo "1388"]
[Mode "WEB"]
[Result "1-0"]

1. e4 e5 2. Nf3 Nc6 3. Bb5 Nf6 4. O-O d6 5. Re1 Bd7 6. c3 Be7 7. d4 a6 8. Ba4
O-O 9. h3 Na7 10. Bb3 exd4 11. cxd4 c6 12. Nc3 Nb5 13. Bd2 h6 14. Rc1 Rc8 15. a4
Nxc3 16. Bxc3 b5 17. e5 dxe5 18. dxe5 Nh7 19. Qe2 Be6 20. Bc2 {SwietlikCharle a perdu au temps} 1-0

[Event "Tournament 14473 - Europe Echecs"]
[Site "Europe Echecs"]
[Date "2020.07.11"]
[Round "1"]
[Time "14:00:03"]
[PlyCount "95"]
[White "BruneauLilian"]
[Black "FischerThorang"]
[WhiteElo "1386"]
[BlackElo "1998"]
[Mode "WEB"]
[Result "0-1"]

1. d4 d5 2. Bf4 e6 3. Nf3 Nf6 4. h3 c5 5. c3 Bd6 6. Bxd6 Qxd6 7. e3 Nbd7 8. Nbd2
O-O 9. Be2 e5 10. dxe5 Nxe5 11. Nxe5 Qxe5 12. Nf3 Qe7 13. O-O b6 14. Qc2 Bb7 15.
Rfd1 Ne4 16. Qb3 Kh8 17. c4 dxc4 18. Qxc4 f5 19. Rd3 a5 20. Qc2 Ng5 21. Nh2 Be4
22. h4 Bxd3 23. Bxd3 Ne4 24. Bxe4 fxe4 25. g3 Qe6 26. b3 Rad8 27. Rd1 Rxd1+ 28.
Qxd1 Qf5 29. Qc2 Rd8 30. Qe2 Qf6 31. Ng4 Qa1+ 32. Kg2 Qd1 33. Qxd1 Rxd1 34. Ne5
Rd5 35. Nc4 b5 36. Nxa5 Rd2 37. a4 bxa4 38. bxa4 Ra2 39. Nb7 c4 40. Nc5 c3 41.
Nb3 Rxa4 42. Kf1 Rb4 43. Na1 Rb1+ 44. Ke2 Rxa1 45. f3 exf3+ 46. Kxf3 c2 47. Ke2
c1=Q {BruneauLilian a abandonné} 0-1

[Event "Tournament 14473 - Europe Echecs"]
[Site "Europe Echecs"]
[Date "2020.07.11"]
[Round "1"]
[Time "14:00:03"]
[PlyCount "98"]
[White "BoscGabriel"]
[Black "RusuCarloman"]
[WhiteElo "1994"]
[BlackElo "1357"]
[Mode "WEB"]
[Result "1/2-1/2"]

1. f4 d5 2. Nf3 Nc6 3. b3 Nf6 4. Bb2 Bf5 5. e3 a6 6. Be2 e6 7. O-O Be7 8. Nc3
O-O 9. Qe1 Nb4 10. Nd4 Nxc2 11. Nxc2 Bxc2 12. Rc1 Bg6 13. Nd1 c6 14. d3 Bh5 15.
Bxh5 Nxh5 16. g4 Nf6 17. Qg3 Qa5 18. Rf2 Nd7 19. g5 Ba3 20. Bc3 Bb4 21. Bxb4
Qxb4 22. Rfc2 Rac8 23. Nc3 Nc5 24. d4 Ne4 25. Nxe4 dxe4 26. Qg2 Rc7 27. Qxe4
Rfc8 28. Qd3 g6 29. Kf2 c5 30. dxc5 Rxc5 31. Rxc5 Rxc5 32. Rxc5 Qxc5 33. Qd8+
Kg7 34. Qf6+ Kg8 35. Qb2 b5 36. Ke2 b4 37. Qd2 Qb5+ 38. Qd3 Kf8 39. Qxb5 axb5
40. Kd3 Ke7 41. Kd4 Kd6 42. e4 Kc6 43. e5 Kb6 44. Ke3 Kc5 45. Ke4 Kc6 46. Kd4
Kb6 47. Kd3 Kc5 48. Ke4 Kc6 49. Kd4 {Nulle par répétition} 1/2-1/2

[Event "Tournament 14473 - Europe Echecs"]
[Site "Europe Echecs"]
[Date "2020.07.11"]
[Round "1"]
[Time "14:00:03"]
[PlyCount "69"]
[White "LemiereCharlot"]
[Black "RebutPaul"]
[WhiteElo "1351"]
[BlackElo "1966"]
[Mode "WEB"]
[Result "0-1"]

1. e4 c5 2. Nf3 d6 3. d4 cxd4 4. Nxd4 Nf6 5. Nc3 a6 6. Bd3 e5 7. Nb3 Be7 8. Be3
O-O 9. Qe2 Be6 10. O-O-O b5 11. Rdg1 Nbd7 12. h4 b4 13. Nb1 a5 14. a3 a4 15.
N3d2 bxa3 16. Nxa3 Qa5 17. Ndc4 Qb4 18. Bd2 Qb7 19. g4 Nc5 20. f3 Rfb8 21. Bc3
Nfd7 22. g5 Nb6 23. h5 Nxd3+ 24. cxd3 Nxc4 25. dxc4 g6 26. hxg6 fxg6 27. Qh2 Bf8
28. Qh4 d5 29. cxd5 Bxa3 30. bxa3 Rc8 31. Kd2 Rxc3 32. Kxc3 Rc8+ 33. Kd2 Qb2+
34. Ke3 Rc3# {LemiereCharlot est échec et mat} 0-1

[Event "Tournament 14473 - Europe Echecs"]
[Site "Europe Echecs"]
[Date "2020.07.11"]
[Round "1"]
[Time "14:00:03"]
[PlyCount "132"]
[White "DenningerGael"]
[Black "LeforestierEnz"]
[WhiteElo "1957"]
[BlackElo "1350"]
[Mode "WEB"]
[Result "1-0"]

1. c4 Nf6 2. Nf3 g6 3. g3 Bg7 4. Bg2 O-O 5. O-O Nc6 6. Nc3 b6 7. d4 Bb7 8. e4 d6
9. h3 e5 10. Be3 Nh5 11. d5 Ne7 12. Bg5 f6 13. Bd2 f5 14. Ng5 f4 15. Ne6 Qd7 16.
Nxf8 Rxf8 17. gxf4 exf4 18. Qg4 Qd8 19. Ne2 Bc8 20. Qf3 Bxb2 21. Rab1 Be5 22.
Bc3 Qe8 23. Bxe5 dxe5 24. Qc3 Qf7 25. f3 Qf6 26. c5 Qh4 27. Qxe5 Ng3 28. Nxg3
fxg3 29. f4 Bxh3 30. Bxh3 Qxh3 31. Qe6+ Qxe6 32. dxe6 Rf6 33. f5 gxf5 34. exf5
Rxf5 35. Rxf5 Nxf5 36. Rf1 Ne7 37. Rf7 Nd5 38. Rd7 c6 39. Rxa7 bxc5 40. Ra5 Kf8
41. Rxc5 Ke7 42. Rxc6 Nb4 43. Rb6 Nxa2 44. Kg2 Nc3 45. Kxg3 Nd5 46. Ra6 Kf6 47.
Rc6 Ne7 48. Rb6 Nd5 49. Ra6 Nc7 50. Ra7 Nxe6 51. Rxh7 Ke5 52. Re7 Kd6 53. Ra7
Ke5 54. Kg4 Kd6 55. Ra6+ Ke5 56. Ra5+ Kf6 57. Rf5+ Ke7 58. Ra5 Kd6 59. Kf5 Nd4+
60. Ke4 Nc6 61. Rh5 Kc7 62. Kd5 Ne7+ 63. Kc5 Ng6 64. Rh7+ Kd8 65. Kd6 Ke8 66.
Ra7 {LeforestierEnz a abandonné} 1-0

[Event "Tournament 14473 - Europe Echecs"]
[Site "Europe Echecs"]
[Date "2020.07.11"]
[Round "1"]
[Time "14:00:03"]
[PlyCount "93"]
[White "AlsruheFelix"]
[Black "LecciaAntoine"]
[WhiteElo "1213"]
[BlackElo "1950"]
[Mode "WEB"]
[Result "0-1"]

1. d4 d5 2. c4 dxc4 3. Nf3 Nf6 4. Nc3 a6 5. Bf4 e6 6. e3 b5 7. a4 b4 8. Nb1 Bb7
9. Bxc4 Bd6 10. Bxd6 cxd6 11. O-O a5 12. Nbd2 O-O 13. b3 Nbd7 14. Rc1 Rc8 15.
Qe2 Qb6 16. Bd3 Bxf3 17. Nxf3 Nd5 18. Qb2 Rc3 19. Rxc3 Nxc3 20. Nd2 Rc8 21. Ne4
Nxe4 22. Bxe4 Nf6 23. Bd3 Nd5 24. e4 Nc3 25. Bc4 Qxd4 26. h3 Qxe4 27. Qd2 d5 28.
Bd3 Qe5 29. Re1 Qf6 30. Rf1 g6 31. f4 Qd4+ 32. Kh1 Ne4 33. Qe1 Qxd3 34. Rf3 Qd4
35. Kh2 Rc3 36. Rxc3 bxc3 37. Qc1 Qd2 38. Qxd2 cxd2 39. h4 d1=Q 40. Kh3 h5 41.
Kh2 Qf1 42. b4 Qxf4+ 43. Kg1 Qf2+ 44. Kh1 Ng3+ 45. Kh2 Ne2 46. bxa5 Qxh4# {AlsruheFelix est échec et mat} 0-1

[Event "Tournament 14473 - Europe Echecs"]
[Site "Europe Echecs"]
[Date "2020.07.11"]
[Round "1"]
[Time "14:00:03"]
[PlyCount "62"]
[White "BriandAmaury"]
[Black "GavilaQuentin"]
[WhiteElo "1929"]
[BlackElo "1199"]
[Mode "WEB"]
[Result "1-0"]

1. e4 e6 2. d4 d5 3. Nc3 Nf6 4. Bd3 c5 5. exd5 exd5 6. dxc5 Bxc5 7. Nf3 O-O 8.
O-O Bg4 9. h3 Bh5 10. Bg5 d4 11. Ne4 Nbd7 12. Bxf6 gxf6 13. Qd2 Bb6 14. Kh1 Bxf3
15. gxf3 Ne5 16. Qh6 Ng6 17. h4 Re8 18. h5 Re6 19. hxg6 fxg6 20. Rg1 f5 21. Ng5
Re7 22. Bc4+ Kh8 23. Nf7+ Rxf7 24. Bxf7 Qd7 25. Bxg6 Rg8 26. Be8 Qe7 27. Rxg8+
Kxg8 28. Rg1+ Kh8 29. Ba4 Bd8 30. Bb3 Bc7 31. Rg8# {GavilaQuentin est échec et mat} 1-0

[Event "Tournament 14473 - Europe Echecs"]
[Site "Europe Echecs"]
[Date "2020.07.11"]
[Round "1"]
[Time "14:00:03"]
[PlyCount "51"]
[White "TaffouraudWill"]
[Black "ChabaudMathis"]
[WhiteElo "1199"]
[BlackElo "1920"]
[Mode "WEB"]
[Result "0-1"]

1. e4 c5 2. Nf3 Nc6 3. Nc3 Nf6 4. b3 e5 5. Bb2 d6 6. Bc4 Be7 7. O-O O-O 8. Ng5
h6 9. Qh5 Nxh5 10. Nf3 Nf4 11. h3 Be6 12. Bb5 Nd4 13. Nxd4 cxd4 14. Na4 a6 15.
Nb6 Qxb6 16. d3 axb5 17. a4 bxa4 18. Rxa4 Rxa4 19. bxa4 Qxb2 20. a5 Qxc2 21. Ra1
Nxd3 22. Ra3 Qxf2+ 23. Kh2 Nf4 24. Rg3 Ne2 25. Rf3 Qg1# {TaffouraudWill est échec et mat} 0-1